000 00428nam a2200169Ia 4500
008 180424s9999 xx 000 0 und d
084 _a361.4 K7
100 _a"Kramer, Ralph M"
245 0 _aReadings in Community Organization Practice
250 _a\\196900ENGGPCX
260 _aPrentice Hall
260 _b1969
260 _cNew Jersey
300 _axvi+458p
500 _aincludes index and biblioraphy
942 _cBK
999 _c31658
_d31658